000 nam a22 7a 4500
999 _c28795
_d28795
008 170322b xxu||||| |||| 00| 0 eng d
020 _a0679763155
050 _aPR 1175 .R36 1995
245 _aThe random house treasury of best-loved poems /
_cedited by Louis Phillips.
250 _a2nd ed.
260 _aNew York :
_bRandom house ,
_c1995 .
300 _a374p. :
_bill. ;
942 _2lcc
_cBOOKS
_hPR 1175 .R36 1995